| 000 | 00495nam a22001457a 4500 | ||
|---|---|---|---|
| 005 | 20250812124416.0 | ||
| 008 | 250812b |||||||| |||| 00| 0 eng d | ||
| 050 | _aTHE: HF 5549.5.T7 N93 2015 | ||
| 100 | _aFENTAR NYABUTI K. | ||
| 245 |
_aAN ASSESSMENT OF THE CONTRIBUTION OF THE-JOB TRAINING ON MANAGEMENT TRANNING IN KENYA _bA CASE STUDY OF THE COCACOLA COMPANY KISII BRANCH |
||
| 260 |
_aKENYA _bKISII UNIVERSITY _c2015 |
||
| 300 | _aX,29 | ||
| 500 | _aINCLUDES APPENDIX | ||
| 942 |
_2lcc _cREF |
||
| 999 |
_c216030 _d216030 |
||